| 000 | 01402nam a22003377a 4500 | ||
|---|---|---|---|
| 999 |
_c1170 _d1170 |
||
| 003 | AR-CdUCM | ||
| 008 | 190226b ||||| |||| 00| 0 spa d | ||
| 040 |
_aMUNICIPALIDAD PROVINCIAL DEL CUSCO _cBIBLIOTECA MUNICIPAL DEL CUSCO |
||
| 082 |
_a333.0985 / _bA48 |
||
| 100 |
_aAmat y Leon, Carlos _91349 |
||
| 245 |
_aLos hogares rurales en el Perú : _bImportancia y articulación con el desarrollo agrario / |
||
| 260 |
_aPerú : _bMinisterio de Agricultura, Proyecto PADI y Fundación Friedrich Ebert; _c1987. |
||
| 300 |
_a438 paginas ; _c21 cm. |
||
| 505 | _aLa producción agrícola -- Las explotaciones pecuarias -- La comercialización de productos agrícolas -- El ingreso de los hogares rurales y su distribución -- Aspectos metodológicos y macroeconomicos de la Enahr ... | ||
| 650 |
_aAgricultura y Estado _94586 |
||
| 650 |
_aEconomía doméstica (Rural) _94587 |
||
| 650 |
_aDesarrollo agrícola _91453 |
||
| 700 |
_aAramburu, Carlos E. _94588 |
||
| 700 |
_aBalmaceda Correa, Alfredo _94589 |
||
| 700 |
_aCcama, Faustino _94590 |
||
| 700 |
_aEguren, Fernando _94402 |
||
| 700 |
_aFigueroa, Adolfo _916 |
||
| 700 |
_aHopkins, raul _94591 |
||
| 700 |
_aLamas, Teresa _94592 |
||
| 700 |
_aMonroy, Luis _94593 |
||
| 700 |
_aQuijandria, Benjamin _94594 |
||
| 700 |
_aAlberti, Armando Tealdo _94595 |
||
| 700 |
_aWebb, Richard _910 |
||
| 942 |
_2ddc _cLIBROS |
||
| 945 |
_arum _d2019-02-26 |
||